Perverzné umučenie

Bibliographic Details
Main Author: Kovalčík, Jozef (Author)
Format: Article
Language:Slovak
Subjects:

MARC

LEADER 00000nab a2200000 a 4500
001 vtls001494292
003 SK-MaSNL
005 20260303075438.0
008 050217c2004 xo mr|p|||||||000 b|slo
015 |a SNBRB2005/02 
038 |a SNKBUCL 
040 |a SNKBUCL  |b slo  |c SNKBUCL  |e AACR2 
041 0 |a slo 
044 |a xo  |c SK 
080 |a 791.43  |x (73)  |2 UDC-MRF-SK2 
100 1 |a Kovalčík, Jozef  |4 aut  |9 483512 
245 1 0 |a Perverzné umučenie  |c Jozef Kovalčík 
630 0 7 |a Umučenie Krista (film)  |2 snkbucl  |9 856589 
773 0 |t Listy  |g Roč. XVI., č. 2-3 (2004), s. 25-26 
852 |a SNK  |b KIS3GCP 
999 |c 1775830  |d 1777760